| 000 | 00925nam a22003017a 4500 | ||
|---|---|---|---|
| 001 | 88041 | ||
| 003 | DO-SdBNP | ||
| 005 | 20250602133120.0 | ||
| 007 | 88041 | ||
| 008 | 150916s1999 sp 000 f spa | ||
| 020 | _a8481301787 | ||
| 040 |
_aBPMUSU _bspa _cBPMSU |
||
| 041 | 1 | _aspa | |
| 082 | 4 |
_a891.863 _bK11p 1999 _222 |
|
| 100 | 1 |
_aKafka, Franz _d1883-1924 |
|
| 240 | 1 | 4 |
_aDer Prozess _lEspañol |
| 245 | 1 | 3 |
_aEl proceso / _cFranz Kafka ; traducción Feliu Formosa ; prólogo José Saramago |
| 260 |
_aMadrid : _bMilenium, _c1999 |
||
| 300 |
_a238 p. ; _c22 cm |
||
| 490 | 0 |
_aMilenium. Las 100 joyas del Milenium ; _aBiblioteca El mundo _v61 |
|
| 590 | _aInventariado, 2025/VM | ||
| 650 | 4 | _aNovela checoslovaca | |
| 650 | 4 |
_aAdministración de justicia _vNovela. |
|
| 700 | 1 |
_aKafka, Feliu _etraductor |
|
| 700 | 1 |
_aSaramago, José _eprólogo |
|
| 910 | _aVMateo V. Control de Calidad. BPMSU | ||
| 942 |
_2ddc _cBK |
||
| 999 |
_c8570 _d8570 |
||